| 000 | 00457nam a22001817a 4500 | ||
|---|---|---|---|
| 005 | 20240506152602.0 | ||
| 008 | 240506b |||||||| |||| 00| 0 eng d | ||
| 020 | _a0632045884 | ||
| 082 |
_a616.075 _bDAV-B |
||
| 100 | _aDavis Ryan W | ||
| 245 | _aBlueprints in Radiology / | ||
| 260 |
_aindial; _bjaypee; _c2003. |
||
| 300 |
_a124p. _bill; _c27cm. |
||
| 500 | _ainclude index . | ||
| 650 | _aMedical / Radiology | ||
| 700 | _aDavis Ryan W | ||
| 999 |
_c35705 _d35705 |
||